000 01415cad a22002655a 4500
001 L159583
008 150416s2016 xxk f 000 0 eng d
020 _a9781783211463
035 _a(Sirsi) u159583
041 0 _aeng
110 2 _aRoyal Institution of Chartered Surveyors
_94900
245 0 0 _aResidential panel managers
_h[electronic resource]
_c[archived]
260 _aLondon
_bRICS
_c2016
300 _a20p.
490 0 _aRICS Guidance Note
490 0 _aRICS Protocol
520 _aSets out professional standards for the industry and, as a model for best practice, aims to improve protection for all parties to the valuation process. This protocol has been jointly set up and endorsed by an industry wide group comprising representatives of RICS, lenders, insurers and panel management firms involved in the residential mortgage valuation market. It does not replace any existing obligations placed on firms by their professional, statutory or regulatory bodies.
520 _aThis document has been archived and is available on isurv for information purposes only. Document was effective May 2016 to May 2022.
650 2 4 _aMORTGAGE VALUATION
650 2 4 _aPOST-VALUATION
651 4 _aUnited Kingdom
690 _aValuation
_96273
856 4 1 _uhttps://www.isurv.com/downloads/download/2074/residential_panel_managers_archived
_zArchived on iSurv (subscription required)
942 _n0
_2ddc
999 _c116021
_d116021